Statistieken voor Welke tvprogramma's hebben de Televizier Ring gewonnen?

Klik hier om de quiz te nemen!

Algemene statistieken

  • Deze quiz is 29 keer genomen
  • De gemiddelde score is 11 van 55

Antwoordstatistieken

jaartelevisieprogramma% Correct
2019Chateau Meiland
73%
2013Wie is de Mol?
73%
1995Goede tijden, slechte tijden
59%
2007De Wereld Draait Door
50%
2011Voetbal International
45%
2010De TV Kantine
41%
2020Over Mijn Lijk
41%
2015SynDROOM
32%
2012The voice of Holland
32%
2017Zondag met Lubach
32%
1972Eén van de acht
27%
2014Flikken Maastricht
27%
2016Floortje naar het einde van de wereld
27%
2006De Lama's
23%
2005Gewoon Jan Smit
23%
2008Mooi! Weer De Leeuw
23%
1970't Schaep met de 5 pooten
23%
1994Vrouwenvleugel
23%
1984Zeg 'ns AAA
23%
1997Baantjer
18%
2004De Bauers
18%
1969De Fabeltjeskrant
18%
2002Kopspijkers
18%
1992Medisch Centrum West
18%
1999Toen was geluk heel gewoon
18%
1991Vrienden voor het leven
18%
1993All You Need Is Love
14%
2018Beau Five Days Inside
14%
2009Gooische Vrouwen
14%
1987In de hoofdrol
14%
1985Playback Show
14%
1964Stiefbeen en zoon
14%
1973De Berend Boudewijn Kwis
9%
1981De Fabriek
9%
1971De kleine waarheid
9%
1983De weg
9%
1989Doet-ie 't of doet-ie 't niet
9%
2003Hart in Aktie
9%
1990Ook dat nog!
9%
1996Oppassen!!!
9%
1977Oudejaarsconference Wim Kan
9%
1988Surpriseshow
9%
1998Villa Felderhof
9%
2000Westenwind
9%
1974Willem Duys
9%
1978Dagboek van een herdershond
5%
1975Dag Dag Heerlijke Lach
5%
1967Ja zuster, nee zuster
5%
1965Onemanshow, Toon Hermans
5%
2001Spoorloos
5%
1980Televisieshow Martine Bijl
5%
1986Wedden, dat...?
5%
1966Zo is het toevallig ook nog eens een keer
5%
1979AVRO's Puzzeluur
0%
1982Mensen zoals jij en ik
0%

Scoreverdeling

Percentiel versus Aantal Correcte Antwoorden

Procent van Mensen met Elke Score

Uw Scoregeschiedenis

U heeft deze quiz nog niet genomen